ポケモンシリーズの地方 - Statistics

General Stats
  • This quiz has been taken 457 times
  • The average score is 8 of 16
Answer Stats
Hint Answer % Correct
赤・緑 カントー
91%
サン・ムーン アローラ
82%
金・銀 ジョウト
78%
ダイヤモンド・パール シンオウ
77%
ルビー・サファイア ホウエン
75%
ブラック・ホワイト イッシュ
75%
X・Y カロス
75%
ソード・シールド ガラル
69%
スカーレット・バイオレット パルデア
65%
LEGENDS アルセウス ヒスイ
56%
コロシアム・XD 闇の旋風ダーク・ルギア オーレ
9%
レンジャー バトナージ アルミア
6%
ポッ拳 フェルム
4%
New ポケモンスナップ レンティル
4%
レンジャー フィオレ
3%
レンジャー 光の軌跡 オブリビア
3%
No matching quizzes found
Score Distribution
Percent of People with Each Score
Percentile by Number Answered
Your Score History
You have not taken this quiz